[Event "American Cup Champ"]
[Site "Saint Louis USA"]
[Date "2023.03.18"]
[Round "1.2"]
[White "Dominguez Perez,L"]
[Black "Aronian,L"]
[Result "1/2-1/2"]
[WhiteTitle "GM"]
[BlackTitle "GM"]
[WhiteElo "2743"]
[BlackElo "2745"]
[WhiteFideId "3503240"]
[BlackFideId "13300474"]
[EventDate "2023.03.17"]
[EventType "k.o."]

1. e4 e5 2. Nf3 Nc6 3. Bb5 Nf6 4. O-O Nxe4 5. d4 Nd6 6. Bxc6 dxc6 7. dxe5 Nf5 8.
Qxd8+ Kxd8 9. h3 Be7 10. Nc3 Nh4 11. Nxh4 Bxh4 12. Rd1+ Ke8 13. Ne2 h5 14. f3
Bf5 15. c3 Rd8 16. Be3 Be7 17. g4 Be6 18. Rxd8+ Kxd8 19. Nf4 hxg4 20. Nxe6+ fxe6
21. hxg4 a6 22. Kg2 g6 23. f4 Ke8 24. Rd1 Rh7 25. Rh1 Rxh1 26. Kxh1 Bf8 27. Bf2
Bh6 28. Bg3 Kd7 29. Kg2 Ke8 30. Kf3 Kd7 31. Ke4 Ke8 32. Be1 Kd7 33. Bf2 Ke8 34.
Be3 Kd7 35. Kd3 Bf8 36. Ke4 Bh6 37. Bc5 Ke8 38. Bb4 Kd7 39. Ba3 Ke8 40. Bc5 Kd7
41. Bb4 Ke8 42. c4 Kd7 43. b3 Ke8 44. Ba5 Kd7 45. f5 gxf5+ 46. gxf5 exf5+ 47.
Kxf5 Be3 48. e6+ Ke8 49. Bxc7 Bf2 50. Bd6 Bd4 51. Ke4 Bf2 52. Kd3 Bh4 53. Ke4
Bf2 54. Kf5 Bd4 55. Kf4 Bf2 56. Be5 Ke7 57. Kf5 Ke8 58. Bf6 Be1 59. Bg5 Bb4 60.
Ke5 Bc5 61. Bh4 Be3 62. Be1 Bg1 63. Bc3 Bh2+ 64. Kf5 Bg3 65. Be5 Bf2 66. Bd6 Bd4 1/2-1/2

[Event "American Cup Champ"]
[Site "Saint Louis USA"]
[Date "2023.03.18"]
[Round "1.3"]
[White "Dominguez Perez,L"]
[Black "Aronian,L"]
[Result "1/2-1/2"]
[WhiteTitle "GM"]
[BlackTitle "GM"]
[WhiteElo "2743"]
[BlackElo "2745"]
[WhiteFideId "3503240"]
[BlackFideId "13300474"]
[EventDate "2023.03.17"]
[EventType "k.o."]

1. e4 e5 2. Nf3 Nc6 3. Bb5 Nf6 4. O-O Nxe4 5. d4 Nd6 6. Bxc6 dxc6 7. dxe5 Nf5 8.
Qxd8+ Kxd8 9. h3 Be7 10. Nc3 Nh4 11. Nxh4 Bxh4 12. Rd1+ Ke8 13. Ne2 Be7 14. g4
f5 15. exf6 Bxf6 16. Ng3 Kf7 17. Ne4 Be6 18. Bf4 Bd5 19. Nxf6 gxf6 20. Kh2 h5
21. Kg3 hxg4 22. hxg4 Rh7 23. c4 Bxc4 24. Rd7+ Kg6 25. Rxh7 Kxh7 26. Re1 Rg8 27.
b3 Bd5 28. Re7+ Rg7 29. Rxc7 Rxc7 30. Bxc7 c5 31. f4 c4 32. bxc4 Bxc4 33. a3 Kg6
34. f5+ Kf7 35. Kf4 a6 36. Bb6 Bb3 37. Bd4 Bc4 38. a4 b5 39. axb5 axb5 40. Bc3
Be2 41. Bb4 Bd1 42. Bc3 Be2 43. Bb4 Bd1 1/2-1/2

[Event "American Cup Champ"]
[Site "Saint Louis USA"]
[Date "2023.03.19"]
[Round "1.4"]
[White "Aronian,L"]
[Black "Dominguez Perez,L"]
[Result "0-1"]
[WhiteTitle "GM"]
[BlackTitle "GM"]
[WhiteElo "2745"]
[BlackElo "2743"]
[WhiteFideId "13300474"]
[BlackFideId "3503240"]
[EventDate "2023.03.17"]
[EventType "k.o."]

1. c4 c5 2. e3 Nf6 3. d4 cxd4 4. exd4 g6 5. Nc3 Bg7 6. d5 O-O 7. Be2 e6 8. Nf3
exd5 9. cxd5 d6 10. O-O Nbd7 11. Bg5 h6 12. Bh4 Re8 13. Nd2 Nc5 14. f3 Bf5 15.
Nb3 Nxb3 16. Qxb3 g5 17. Bf2 Nd7 18. Bb5 a6 19. Bxd7 Qxd7 20. Na4 Qb5 21. Qa3
Re2 22. Rae1 Rc2 23. Re7 Rac8 24. h3 Rxf2 25. Rxf2 Bd4 26. Qxd6 Qxa4 27. Qxh6
Qd1+ 0-1

[Event "American Cup Champ"]
[Site "Saint Louis USA"]
[Date "2023.03.17"]
[Round "1.1"]
[White "So,W"]
[Black "Shankland,S"]
[Result "1/2-1/2"]
[WhiteTitle "GM"]
[BlackTitle "GM"]
[WhiteElo "2761"]
[BlackElo "2710"]
[WhiteFideId "5202213"]
[BlackFideId "2004887"]
[EventDate "2023.03.17"]
[EventType "k.o."]

1. e4 e5 2. Nf3 Nc6 3. Bb5 a6 4. Ba4 Nf6 5. O-O Bc5 6. c3 b5 7. Bb3 d6 8. a4 Ba7
9. d3 b4 10. a5 Rb8 11. Re1 O-O 12. Be3 Bxe3 13. Rxe3 Be6 14. Bxe6 fxe6 15. Nbd2
bxc3 16. bxc3 d5 17. exd5 Nxd5 18. Re1 Nf4 19. Qa4 Qd7 20. Rad1 Rb5 21. Qe4 Rxa5
22. g3 Nd5 23. Nxe5 Nxe5 24. Qxe5 Ra3 25. Ne4 Nxc3 26. Nxc3 Rf5 27. Qxe6+ Qxe6
28. Rxe6 Rxc3 29. Rxa6 Rd5 30. d4 Rc4 31. Re1 Rdxd4 32. Re7 Kf8 33. Rae6 Rc2 34.
Re8+ Kf7 35. R8e7+ Kf8 36. Re8+ Kf7 37. R8e7+ Kf8 1/2-1/2

[Event "American Cup Champ"]
[Site "Saint Louis USA"]
[Date "2023.03.18"]
[Round "1.2"]
[White "Shankland,S"]
[Black "So,W"]
[Result "1/2-1/2"]
[WhiteTitle "GM"]
[BlackTitle "GM"]
[WhiteElo "2710"]
[BlackElo "2761"]
[WhiteFideId "2004887"]
[BlackFideId "5202213"]
[EventDate "2023.03.17"]
[EventType "k.o."]

1. e4 e5 2. Nf3 Nc6 3. Bb5 Nf6 4. O-O Nxe4 5. d4 Nd6 6. Bxc6 dxc6 7. dxe5 Nf5 8.
Qxd8+ Kxd8 9. Nc3 Ke8 10. h3 h5 11. Ne2 b6 12. Bg5 c5 13. Rad1 Bb7 14. Nc3 Bxf3
15. gxf3 c6 16. Ne4 Be7 17. f4 Bxg5 18. fxg5 Ke7 19. Nd6 Ke6 20. Rd3 Nxd6 21.
exd6 Kd7 22. Rf3 f6 23. gxf6 gxf6 24. Rxf6 Raf8 25. Rg6 Rhg8 26. Rg3 Kxd6 27.
Kg2 Ke5 28. Re1+ Kf5 29. Re7 Rxg3+ 30. fxg3 Rd8 31. Rf7+ Kg6 32. Rf2 c4 33. Re2
Kf5 34. Rf2+ Kg6 35. Re2 Kf5 36. Rf2+ Kg6 1/2-1/2

[Event "American Cup Champ"]
[Site "Saint Louis USA"]
[Date "2023.03.18"]
[Round "1.3"]
[White "Shankland,S"]
[Black "So,W"]
[Result "1/2-1/2"]
[WhiteTitle "GM"]
[BlackTitle "GM"]
[WhiteElo "2710"]
[BlackElo "2761"]
[WhiteFideId "2004887"]
[BlackFideId "5202213"]
[EventDate "2023.03.17"]
[EventType "k.o."]

1. e4 e5 2. Nf3 Nc6 3. Bb5 Nf6 4. O-O Nxe4 5. d4 Nd6 6. Bxc6 dxc6 7. dxe5 Nf5 8.
Qxd8+ Kxd8 9. Nc3 Be7 10. Bf4 Nh4 11. Rad1+ Ke8 12. Nxh4 Bxh4 13. Ne2 a6 14.
Rfe1 g5 15. Bd2 g4 16. e6 Bxe6 17. Bc3 Rg8 18. Nf4 Rd8 19. Rxd8+ Kxd8 20. Nxe6+
fxe6 21. Rxe6 Bg5 22. Kf1 Kd7 23. Re4 Be7 24. g3 Bd6 25. Kg2 h5 26. h3 b5 27.
Bd2 c5 28. b3 Rg6 29. c4 b4 30. Be1 a5 31. f3 gxf3+ 32. Kxf3 a4 33. Bf2 Rf6+ 34.
Ke2 Rf8 35. g4 hxg4 36. hxg4 Rh8 37. g5 Rg8 38. Be3 Be7 39. bxa4 Ra8 40. g6 Rxa4
41. g7 Rxa2+ 42. Bd2 Ra8 43. Rg4 Rg8 44. Kd3 Ke6 45. Kc2 Kf5 46. Rg2 Bf6 47. Kb3
Bd4 48. Bc1 Ke6 49. Bh6 Kf7 50. Bf4 Bxg7 51. Bxc7 Ra8 52. Ra2 Rh8 53. Rh2 Re8
54. Rf2+ Kg8 55. Rg2 Re3+ 56. Ka4 Kf7 57. Rg3 Re8 58. Rf3+ Kg6 59. Rg3+ Kh7 60.
Rh3+ Kg8 61. Rg3 Kh7 62. Rh3+ Kg8 63. Rg3 Kf7 64. Rf3+ Bf6 65. Bd6 Ra8+ 66. Kb5
Ra3 67. Rf1 Ke6 68. Bxc5 Ra8 69. Bxb4 Rb8+ 70. Ka4 Ra8+ 71. Kb3 Be5 72. Re1 Rb8
73. Re2 Kf5 74. c5 Rg8 75. Kc4 Rg4+ 76. Kb5 Rg8 77. Ba5 Rb8+ 78. Bb6 Ra8 79. c6
Rb8 80. Kc5 Rc8 81. Kd5 Bf4 82. Re7 Kf6 83. Rd7 Bg3 84. Bd4+ Kf5 85. Rf7+ Kg4
86. Rg7+ Kf3 87. Re7 Rd8+ 88. Rd7 Rc8 89. Bc5 Bc7 90. Bd6 Ba5 91. Ra7 Be1 92.
Rf7+ Kg4 93. Re7 Ba5 94. Ra7 Be1 95. Rf7 Ba5 96. Rf8 Rxf8 97. Bxf8 Kf5 98. Kd6
Ke4 99. Kd7 Kd5 100. Bd6 Bb6 101. Bc7 Bf2 102. Bf4 Bb6 103. Bd2 Kc4 104. Kc8 Kb5
105. Kb7 Bd8 106. Be1 Bb6 107. Bg3 Ba5 108. Bc7 Bc3 109. Bd6 Ba5 110. Bf4 Bb6
111. Bd2 Bd8 112. Be1 Bb6 113. Bg3 Ba5 114. Bc7 Bc3 115. Bb6 Be5 116. Ba7 Bf4
117. Be3 Be5 118. Bb6 Bf4 119. Bc7 Bd2 120. Bb8 Ba5 121. Ba7 Bd8 122. c7 Bxc7
123. Kxc7 1/2-1/2

[Event "American Cup Champ"]
[Site "Saint Louis USA"]
[Date "2023.03.19"]
[Round "1.4"]
[White "So,W"]
[Black "Shankland,S"]
[Result "1-0"]
[WhiteTitle "GM"]
[BlackTitle "GM"]
[WhiteElo "2761"]
[BlackElo "2710"]
[WhiteFideId "5202213"]
[BlackFideId "2004887"]
[EventDate "2023.03.17"]
[EventType "k.o."]

1. e4 e5 2. Nf3 Nc6 3. Bc4 Nf6 4. d3 Be7 5. O-O O-O 6. Nc3 d6 7. a4 Na5 8. Ba2
Nc6 9. h3 Be6 10. Bxe6 fxe6 11. Ne2 a5 12. Ng3 d5 13. c3 Nd7 14. Re1 d4 15. cxd4
exd4 16. e5 Nc5 17. Ne4 Qd5 18. Bg5 Bxg5 19. Nfxg5 Nxe4 20. Rxe4 h6 21. Nf3 Rf5
22. Rc1 Raf8 23. Qe2 Rf4 24. Rc4 Rxe4 25. Qxe4 Rd8 26. Kf1 Rd7 27. Ke2 Kf8 28.
h4 Ke7 29. Qh7 Kf7 30. h5 Kf8 31. Qh8+ Kf7 32. Qh7 Kf8 33. Kf1 Kf7 34. b3 Kf8
35. Qh8+ Kf7 36. Qa8 Ke7 37. Qg8 Nxe5 38. Rxd4 Qc6 39. Qxg7+ Nf7 40. Rxd7+ Qxd7
41. Ne5 Qe8 42. g4 1-0

[Event "American Cup Champ"]
[Site "Saint Louis USA"]
[Date "2023.03.17"]
[Round "1.1"]
[White "Caruana,F"]
[Black "Robson,R"]
[Result "1/2-1/2"]
[WhiteTitle "GM"]
[BlackTitle "GM"]
[WhiteElo "2766"]
[BlackElo "2702"]
[WhiteFideId "2020009"]
[BlackFideId "2023970"]
[EventDate "2023.03.17"]
[EventType "k.o."]

1. d4 Nf6 2. c4 e6 3. Nf3 d5 4. g3 Bb4+ 5. Nbd2 O-O 6. Bg2 dxc4 7. O-O b5 8. a4
c6 9. Ne1 Ba6 10. Nc2 Be7 11. axb5 Bxb5 12. Nb1 Nbd7 13. Nc3 Nd5 14. e4 Nxc3 15.
bxc3 Nb6 16. h4 a6 17. Qh5 Qe8 18. Re1 Rd8 19. Na3 Na4 20. Qf3 c5 21. d5 Bf6 22.
Bd2 exd5 23. exd5 Qd7 24. Rab1 Nb6 25. Bg5 Bxg5 26. hxg5 Qxd5 27. Qxd5 Nxd5 28.
Nxb5 axb5 29. Rxb5 Nxc3 30. Rxc5 Rc8 31. Rxc8 Rxc8 32. Bh3 Rd8 33. Bf1 Kf8 34.
Bxc4 Rd4 35. Be2 Ne4 36. Rd1 Rxd1+ 37. Bxd1 Nxg5 38. Kg2 Ke7 39. f4 Ne6 40. Kf3
Kf6 41. Ba4 h6 42. Ke3 g6 43. Bc6 Ng7 44. Bd5 Nf5+ 45. Kf2 Ke7 46. Bc4 f6 47.
Bd3 Kd6 48. Bc4 Kc5 49. Bf7 g5 50. Kf3 Kd4 51. Be6 Nd6 52. Bd7 Kd3 53. Kg4 Ne4
54. Kf3 Nd2+ 55. Kg4 Ne4 56. Kf3 Kd4 57. Bc6 Nd6 58. Bd7 Kd3 59. Kg4 Ke4 60. Kh5
Nf5 61. fxg5 hxg5 62. Kg6 Nxg3 63. Kxf6 Kf4 64. Bc8 Nf1 65. Kg6 Ne3 66. Be6 Nc2
67. Bc8 Nb4 68. Bh3 Nc6 69. Kf6 Ne5 70. Bc8 Ng4+ 71. Kg6 Nh2 72. Kf6 Nf3 73. Bh3
Nd4 74. Bd7 Nb3 75. Bc8 Nc5 76. Kg6 Ne4 77. Bh3 Nd2 78. Bc8 Nc4 79. Bh3 Ne5+ 80.
Kf6 g4 81. Bxg4 Nxg4+ 1/2-1/2

[Event "American Cup Champ"]
[Site "Saint Louis USA"]
[Date "2023.03.18"]
[Round "1.2"]
[White "Robson,R"]
[Black "Caruana,F"]
[Result "1/2-1/2"]
[WhiteTitle "GM"]
[BlackTitle "GM"]
[WhiteElo "2702"]
[BlackElo "2766"]
[WhiteFideId "2023970"]
[BlackFideId "2020009"]
[EventDate "2023.03.17"]
[EventType "k.o."]

1. e4 e5 2. Nf3 Nc6 3. Nc3 Nf6 4. d4 exd4 5. Nxd4 Bb4 6. Nxc6 bxc6 7. Bd3 d5 8.
Bd2 O-O 9. O-O Bxc3 10. Bxc3 dxe4 11. Bxf6 Qxf6 12. Bxe4 Qxb2 13. Bxc6 Rb8 14.
Rb1 Qxb1 15. Qxb1 Rxb1 16. Rxb1 Rd8 17. Bf3 Kf8 18. Rb8 Re8 19. h4 Ba6 20. Rb3
Be2 21. Bxe2 Rxe2 22. Rc3 Re4 23. g3 Ra4 24. Rxc7 Rxa2 25. c4 a5 26. Ra7 Rc2 27.
Rxa5 Rxc4 28. Kg2 g6 29. Kf3 Kg7 30. Kg2 Kf8 31. Kf3 Kg7 32. Kg2 Kf8 1/2-1/2

[Event "American Cup Champ"]
[Site "Saint Louis USA"]
[Date "2023.03.18"]
[Round "1.3"]
[White "Robson,R"]
[Black "Caruana,F"]
[Result "1/2-1/2"]
[WhiteTitle "GM"]
[BlackTitle "GM"]
[WhiteElo "2702"]
[BlackElo "2766"]
[WhiteFideId "2023970"]
[BlackFideId "2020009"]
[EventDate "2023.03.17"]
[EventType "k.o."]

1. d4 Nf6 2. c4 e6 3. Nc3 Bb4 4. e3 O-O 5. Nf3 b6 6. Bd3 Bb7 7. O-O c5 8. Re1 d5
9. cxd5 Nxd5 10. Bd2 cxd4 11. exd4 Be7 12. Ne4 Nd7 13. a3 h6 14. Qe2 Rc8 15. Ne5
N5f6 16. Ng3 Bd5 17. Bf4 Nxe5 18. dxe5 Nd7 19. Qg4 Bg5 20. Nh5 f5 21. exf6 Nxf6
22. Nxf6+ Qxf6 23. Bg3 Bf4 24. Bxf4 Qxf4 25. Qxf4 Rxf4 26. f3 Rf7 27. Rac1 Rfc7
28. Rxc7 Rxc7 29. Kf2 Kf7 30. Ke3 Kf6 31. h4 a5 32. Rg1 Rc5 33. g4 Bc4 34. g5+
hxg5 35. hxg5+ Ke7 36. b4 axb4 37. axb4 Rc8 38. Rc1 b5 39. Bxc4 bxc4 40. Kd4
Rd8+ 41. Ke4 Rc8 42. Kd4 Rd8+ 43. Ke4 Rc8 44. f4 Kd6 45. Kd4 Rf8 46. Ke4 Rc8 47.
Rc3 g6 48. Kd4 Rf8 49. Ke4 Rc8 50. Kd4 Rf8 51. Rf3 Rc8 52. Ra3 Rf8 53. Ra6+ Kd7
54. Kxc4 Rxf4+ 55. Kc3 Rf5 56. Ra5 e5 57. Ra7+ Kc8 58. Kc4 Rxg5 59. Kd5 Rf5 60.
Rg7 e4+ 61. Kxe4 Rb5 62. Rxg6 Rxb4+ 63. Kd5 Kb7 64. Kc5 Rb1 65. Rh6 Ka7 66. Rg6
Kb7 67. Rh6 Ka7 68. Rg6 Kb7 69. Rh6 1/2-1/2

[Event "American Cup Champ"]
[Site "Saint Louis USA"]
[Date "2023.03.19"]
[Round "1.4"]
[White "Caruana,F"]
[Black "Robson,R"]
[Result "1-0"]
[WhiteTitle "GM"]
[BlackTitle "GM"]
[WhiteElo "2766"]
[BlackElo "2702"]
[WhiteFideId "2020009"]
[BlackFideId "2023970"]
[EventDate "2023.03.17"]
[EventType "k.o."]

1. d4 Nf6 2. c4 e6 3. g3 d5 4. Bg2 Bb4+ 5. Nd2 O-O 6. Nf3 dxc4 7. Qc2 c5 8. O-O
cxd4 9. Nxc4 Nc6 10. Rd1 Qe7 11. a3 Bd6 12. Nxd4 Nxd4 13. Rxd4 Bc7 14. Rd1 Rb8
15. Bd2 Rd8 16. Bb4 Qe8 17. Nd6 Bxd6 18. Bxd6 Ra8 19. Bc7 Rd7 20. Rxd7 Nxd7 21.
Rd1 a5 22. Qb3 h6 23. Qb5 a4 24. Rd4 Qe7 25. Bxb7 e5 26. Bxe5 Ra7 27. Bxc8 Nxe5
28. Re4 f6 29. Rxa4 Rc7 30. Bf5 g6 31. Ra8+ Kh7 32. Qb8 Qg7 33. Be6 h5 34. b4 f5
35. b5 h4 36. gxh4 Kh6 37. Qh8+ Qxh8 38. Rxh8+ Kg7 39. Rc8 Rb7 40. a4 Kf6 41.
Bd5 Rd7 42. Rc5 Ke7 43. b6 Kd6 44. Rb5 Rh7 45. a5 Nd7 46. Bf3 Nb8 47. Rd5+ Ke7
48. Rd4 Rh8 49. Kg2 Ke6 50. e3 Ke5 51. Bb7 f4 52. a6 fxe3 53. fxe3 Nxa6 54. Bxa6 1-0

[Event "American Cup Champ"]
[Site "Saint Louis USA"]
[Date "2023.03.19"]
[Round "2.1"]
[White "Nakamura,Hi"]
[Black "Dominguez Perez,L"]
[Result "1/2-1/2"]
[WhiteTitle "GM"]
[BlackTitle "GM"]
[WhiteElo "2768"]
[BlackElo "2743"]
[WhiteFideId "2016192"]
[BlackFideId "3503240"]
[EventDate "2023.03.17"]
[EventType "k.o."]

1. e4 e5 2. Nf3 Nf6 3. Nxe5 d6 4. Nd3 Nxe4 5. Qe2 Qe7 6. Nf4 Nf6 7. d4 Qxe2+ 8.
Bxe2 Nc6 9. c3 d5 10. Bf3 Ne7 11. h4 h5 12. g3 Bf5 13. O-O O-O-O 14. Re1 c6 15.
Nd2 Ng6 16. Ng2 Bd6 17. Ne3 Rde8 18. a4 Ng4 19. Ndf1 Nxe3 20. Nxe3 Bd3 21. Bg2
Ne7 22. Rd1 Bf5 23. Nxf5 Nxf5 24. b4 Bc7 25. Bh3 g6 26. Kf1 Kb8 27. Bxf5 gxf5
28. Rd3 f4 29. Bxf4 Bxf4 30. gxf4 Rhg8 31. Rg3 Rxg3 32. fxg3 f5 33. Kf2 Kc7 34.
a5 Re4 35. Rb1 a6 36. Rc1 Kd6 37. Rc2 Ke6 38. Re2 Rxe2+ 39. Kxe2 Kd7 40. Kd2 Kd6
41. Kc2 Ke6 42. Kb3 Kd7 43. c4 Kc7 44. Kc3 Kd7 45. cxd5 cxd5 46. b5 axb5 47. Kb4
Kc6 48. Kb3 Kd7 49. Kc3 Kd6 50. Kb3 Kd7 51. Kc3 Kd6 52. Kb3 1/2-1/2

[Event "American Cup Champ"]
[Site "Saint Louis USA"]
[Date "2023.03.20"]
[Round "2.2"]
[White "Dominguez Perez,L"]
[Black "Nakamura,Hi"]
[Result "0-1"]
[WhiteTitle "GM"]
[BlackTitle "GM"]
[WhiteElo "2743"]
[BlackElo "2768"]
[WhiteFideId "3503240"]
[BlackFideId "2016192"]
[EventDate "2023.03.17"]
[EventType "k.o."]

1. e4 c5 2. Nf3 Nc6 3. d4 cxd4 4. Nxd4 e5 5. Nb5 d6 6. N1c3 a6 7. Na3 Be6 8. Nc4
Rb8 9. Nd5 Bxd5 10. exd5 Nce7 11. g3 b5 12. Ne3 g6 13. a4 Nf6 14. axb5 axb5 15.
Bg2 Bh6 16. O-O O-O 17. Qd3 Nd7 18. Bd2 Nc5 19. Qe2 Qc7 20. b4 Nd7 21. Ra5 Bxe3
22. Bxe3 Nf5 23. Ra7 Rb7 24. Rxb7 Qxb7 25. Bd2 Ra8 26. Qd3 Ra2 27. Rd1 Nf6 28.
Bg5 Kg7 29. Bh3 Nd4 30. c3 Nc2 31. Qf3 Ng8 32. Bf1 Ra3 33. Bc1 Rb3 34. Qe4 Rxc3
35. Bb2 Nf6 36. Qh4 Rb3 37. Bc1 Ng8 38. Qd8 Qe7 39. Qa5 Nd4 40. Be3 Nf3+ 41. Kg2
Qf6 42. Be2 e4 43. Qxb5 Qb2 44. Qa6 Nf6 45. h3 h5 46. Kf1 Qe5 47. Kg2 Rxe3 48.
fxe3 h4 49. gxh4 Qh2+ 0-1

[Event "American Cup Champ"]
[Site "Saint Louis USA"]
[Date "2023.03.19"]
[Round "2.1"]
[White "Caruana,F"]
[Black "So,W"]
[Result "1/2-1/2"]
[WhiteTitle "GM"]
[BlackTitle "GM"]
[WhiteElo "2766"]
[BlackElo "2761"]
[WhiteFideId "2020009"]
[BlackFideId "5202213"]
[EventDate "2023.03.17"]
[EventType "k.o."]

1. d4 d5 2. c4 dxc4 3. Nf3 Nf6 4. e3 e6 5. Bxc4 c5 6. Nc3 a6 7. Bb3 b5 8. e4
cxd4 9. Nxd4 Bd6 10. O-O Bb7 11. Re1 Be5 12. Nd5 Nbd7 13. Nf3 O-O 14. Nxe5 Nxe5
15. Bf4 exd5 16. Bxe5 dxe4 17. Rc1 Rc8 18. Rxc8 Bxc8 19. Qxd8 Rxd8 20. Bxf6 gxf6
21. Rxe4 Be6 22. Kf1 Bxb3 23. axb3 Rd2 24. Re2 Rd1+ 25. Re1 Rd2 26. Re2 Rd1+ 27.
Re1 Rd2 28. Re2 1/2-1/2

[Event "American Cup Champ"]
[Site "Saint Louis USA"]
[Date "2023.03.20"]
[Round "2.2"]
[White "So,W"]
[Black "Caruana,F"]
[Result "1/2-1/2"]
[WhiteTitle "GM"]
[BlackTitle "GM"]
[WhiteElo "2761"]
[BlackElo "2766"]
[WhiteFideId "5202213"]
[BlackFideId "2020009"]
[EventDate "2023.03.17"]
[EventType "k.o."]

1. d4 Nf6 2. c4 e6 3. Nc3 Bb4 4. Qc2 d5 5. a3 Bxc3+ 6. Qxc3 dxc4 7. Qxc4 b6 8.
Nf3 Ba6 9. Qa4+ Qd7 10. Qc2 O-O 11. Bg5 c5 12. dxc5 Rc8 13. Rd1 Qe7 14. e4 Bxf1
15. Kxf1 h6 16. Bxf6 Qxf6 17. e5 Qe7 18. Qe4 Nc6 19. cxb6 axb6 20. g3 b5 21. Nd4
Nxd4 22. Rxd4 Ra4 23. Rxa4 bxa4 24. Kg2 Qd7 25. Re1 Qb5 26. Re2 Rc1 27. h4 g6
28. Kh2 h5 29. Rc2 Rxc2 30. Qxc2 Qxe5 31. Qxa4 Qxb2 32. Qa7 e5 33. a4 e4 34. Kg2
Qb4 35. Qa8+ Kg7 36. Qc6 e3 37. fxe3 Qd2+ 38. Kh3 Qxe3 39. a5 Qd3 40. Qc5 Qd7+
41. Kg2 Qd2+ 42. Kf3 Qd3+ 43. Kf4 f6 44. Qe7+ Kh6 45. Qxf6 Qd2+ 46. Kf3 Qd3+ 47.
Kg2 Qd2+ 48. Kh3 Qd7+ 49. Kh2 Qd2+ 50. Kh3 Qd7+ 51. Kg2 Qd2+ 52. Kh3 Qd7+ 1/2-1/2

[Event "American Cup Champ w"]
[Site "Saint Louis USA"]
[Date "2023.03.17"]
[Round "1.1"]
[White "Krush,I"]
[Black "Abrahamyan,T"]
[Result "1-0"]
[WhiteTitle "GM"]
[BlackTitle "WGM"]
[WhiteElo "2432"]
[BlackElo "2294"]
[WhiteFideId "2012782"]
[BlackFideId "13301918"]
[EventDate "2023.03.17"]
[EventType "k.o."]

1. d4 Nf6 2. c4 e6 3. Nc3 Bb4 4. e3 O-O 5. Bd3 d5 6. cxd5 exd5 7. Ne2 Re8 8. Bd2
c6 9. O-O Bd6 10. Rc1 Na6 11. a3 Nc7 12. f3 c5 13. dxc5 Bxc5 14. Nd4 Ne6 15.
Nce2 Bb6 16. Kh1 Bd7 17. Be1 Nc5 18. Bb1 Rxe3 19. Bh4 Re5 20. Ng3 Bc6 21. f4 Re8
22. Nh5 Ncd7 23. Nf5 g6 24. Nh6+ Kf8 25. Nxf6 Nxf6 26. Ng4 Nxg4 27. Bxd8 Ne3 28.
Bxb6 1-0

[Event "American Cup Champ w"]
[Site "Saint Louis USA"]
[Date "2023.03.18"]
[Round "1.2"]
[White "Abrahamyan,T"]
[Black "Krush,I"]
[Result "0-1"]
[WhiteTitle "WGM"]
[BlackTitle "GM"]
[WhiteElo "2294"]
[BlackElo "2432"]
[WhiteFideId "13301918"]
[BlackFideId "2012782"]
[EventDate "2023.03.17"]
[EventType "k.o."]

1. e4 c5 2. Nf3 e6 3. d4 cxd4 4. Nxd4 a6 5. Nc3 b5 6. Bd3 Bb7 7. O-O Nc6 8. Nxc6
Bxc6 9. a4 b4 10. Nb1 Bc5 11. Nd2 Ne7 12. Nb3 Bd6 13. Qe2 Ng6 14. f4 O-O 15. a5
Qb8 16. e5 Be7 17. Be3 d6 18. exd6 Bxd6 19. Qh5 Qb7 20. Rf2 Be4 21. Rd1 Be7 22.
Bxe4 Qxe4 23. Qf3 Qxf3 24. Rxf3 Bf6 25. Bd4 Rfd8 26. g3 e5 27. fxe5 Nxe5 28.
Rff1 Rac8 29. c3 bxc3 30. bxc3 Rd5 31. Bxe5 Rxe5 32. Rf3 Rb5 33. Nd4 Rxa5 34.
Nf5 h5 35. Rd7 Rxc3 36. Nh6+ Kh7 37. Rxc3 Bxc3 38. Nxf7 Bf6 39. h4 Kg6 40. Kg2
Ra2+ 41. Kh3 Re2 42. Ra7 Re7 43. Nh8+ Kh7 44. Ra8 Rd7 45. Kg2 Rd8 46. Rxd8 Bxd8
47. Nf7 Bc7 48. Ng5+ Kg6 49. Ne6 Bd6 50. Kf3 a5 51. g4 hxg4+ 52. Kxg4 a4 0-1

[Event "American Cup Champ w"]
[Site "Saint Louis USA"]
[Date "2023.03.17"]
[Round "1.1"]
[White "Tokhirjonova,Gulrukhbegim"]
[Black "Nemcova,Kat"]
[Result "1-0"]
[WhiteTitle "WGM"]
[BlackTitle "WGM"]
[WhiteElo "2332"]
[BlackElo "2325"]
[WhiteFideId "14203626"]
[BlackFideId "322750"]
[EventDate "2023.03.17"]
[EventType "k.o."]

1. c4 Nf6 2. Nc3 e5 3. Nf3 Nc6 4. e4 d6 5. d4 Bg4 6. d5 Nd4 7. Be2 Bxf3 8. Bxf3
Be7 9. Be3 c5 10. dxc6 Nxf3+ 11. Qxf3 bxc6 12. O-O O-O 13. Rfd1 Qc8 14. h3 Qe6
15. Rac1 Rab8 16. b3 c5 17. Bg5 Ne8 18. Bxe7 Qxe7 19. Nd5 Qe6 20. Rc3 g6 21. Qg4
Rb7 22. Ne3 Nf6 23. Qh4 Ne8 24. Rcd3 Rd7 25. Qg4 Qxg4 26. hxg4 Rb7 27. f3 f6 28.
Kf2 Kf7 29. g3 Rh8 30. R3d2 Ke6 31. f4 Rb6 32. Rh1 Kf7 33. Nd5 Rb7 34. Ke3 Ke6
35. f5+ Kf7 36. Rdh2 Kg7 37. fxg6 Kxg6 38. Rh6+ Kg7 39. Kd3 Rf7 40. Ne3 Kf8 41.
Ke2 Ke7 42. Nf5+ Kd7 43. Kf3 Nc7 44. g5 Ne6 45. g6 hxg6 46. Rxh8 gxf5 47. exf5
Ng5+ 48. Ke3 Kc6 49. Rc8+ Kb7 50. Rhh8 Kb6 51. Rcf8 1-0

[Event "American Cup Champ w"]
[Site "Saint Louis USA"]
[Date "2023.03.18"]
[Round "1.2"]
[White "Nemcova,Kat"]
[Black "Tokhirjonova,Gulrukhbegim"]
[Result "0-1"]
[WhiteTitle "WGM"]
[BlackTitle "WGM"]
[WhiteElo "2325"]
[BlackElo "2332"]
[WhiteFideId "322750"]
[BlackFideId "14203626"]
[EventDate "2023.03.17"]
[EventType "k.o."]

1. c4 e6 2. Nc3 d5 3. e3 Nf6 4. Nf3 Bd6 5. d4 b6 6. Bd3 O-O 7. O-O Bb7 8. b3 Re8
9. Bb2 Nbd7 10. Rc1 e5 11. Bf5 e4 12. Nd2 c6 13. a4 Qb8 14. g3 a6 15. a5 bxa5
16. c5 Bc7 17. Bh3 Nf8 18. f4 exf3 19. Qxf3 Bc8 20. Bxc8 Qxc8 21. e4 dxe4 22.
Ncxe4 Nxe4 23. Nxe4 Qd7 24. Nd6 Bxd6 25. cxd6 Rac8 26. Ba3 Ne6 27. Qf5 Rcd8 28.
Rcd1 f6 29. Qxa5 Ng5 30. Qxa6 Kh8 31. Qc4 Ra8 32. Bc5 Ra2 33. d5 Qh3 34. Rf2
Nf3+ 0-1